British or Indian Telugu City Name? - Statistics

General Stats
  • This quiz has been taken 143 times
  • The average score is 5 of 8
Answer Stats
Hint Answer % Correct
Visakhapatnam Indian
92%
Vijayawada Indian
87%
Tirupati Indian
85%
Hyderabad Indian
78%
Nellore British
55%
Kurnool British
51%
Rajahmundry British
48%
Guntur British
27%
No matching quizzes found
Score Distribution
Percent of People with Each Score
Percentile by Number Answered
Your Score History
You have not taken this quiz